Pare, qui t'ensenya a ocupart-te de mi? / Patrizia Orsola Ghedini ; amb la col·laboració de Trevor Chandler, Margy Whalley i Peter Moss
Descripción Física:
53 p. ; 22 cm
Colección:
Temes d'infància ; 27
MARC
| LEADER | 00000nam a2200000Ia 4500 | ||
|---|---|---|---|
| 001 | 11590 | ||
| 008 | 160829s1996 xx 000 0 cat d | ||
| 080 | |a E-1-202 | ||
| 100 | |a Orsola Ghedini, Patrizia |9 29160 | ||
| 245 | |a Pare, qui t'ensenya a ocupart-te de mi? / Patrizia Orsola Ghedini ; amb la col·laboració de Trevor Chandler, Margy Whalley i Peter Moss | ||
| 260 | |a Barcelona : |b Associació de Mestres Rosa Sensat : |b Diputació de Barcelona, |c 1996 | ||
| 300 | |a 53 p. ; |c 22 cm | ||
| 490 | |a Temes d'infància ; 27 | ||
| 650 | |a Escoles bressol |x Mètodes actius |9 29161 | ||
| 650 | |a Pares i fills |9 29162 | ||
| 650 | |a Família i escola |9 49988 | ||
| 700 | |a Chandler, Trevor |9 29164 | ||
| 700 | |a Whalley, Margy |9 29165 | ||
| 700 | |a Moss, Peter I |9 29166 | ||
| 710 | 1 | |a Barcelona (Catalunya : Província). |b Diputació |9 52408 | |
| 710 | 2 | |a Rosa Sensat (Associació) |9 54183 | |
| 901 | |a Arxiu | ||
| 942 | |n 1 | ||
| 952 | |0 0 |1 0 |4 0 |6 E1202 |7 1 |9 45083 |a Arxiu |b Arxiu |d 2016-12-01 |l 0 |o E-1-202 |p 11590 |r 2016-12-01 00:00:00 |w 2016-12-01 |y ARXIU | ||
| 999 | |c 47703 |d 47703 | ||